Everything About Asia - Statistics

General Stats
  • This quiz has been taken 26 times
  • The average score is 16 of 25
Answer Stats
Question Answer % Correct
Highest land point in the world Everest
95%
Northernmost country in Asia Russia
90%
Westernmost country in Asia Türkiye|Turkey
90%
Tallest mountain range in the world Himalayas
86%
Southernmost country in Asia Indonesia
86%
Largest of the -stan countries Kazakhstan
86%
Easternmost country in the world Russia
86%
Tallest building in the world Burj Khalifa
81%
Countries with 14 bordering countries! China|Russia
81%
Most populous country in the world India
81%
Current leader of North Korea Kim Jong Un
81%
In 1989, Burma changed its name to… Myanmar
81%
Largest exporter of oil in the world (Also part of OPEC) Saudi Arabia
76%
Current leader of China Xi Jinping
76%
Peninsula in East-Asia that sharestwo countries Korean
71%
Longest river in Asia Yangtze
71%
Current leader of Israel Benjamin Netanyahu
67%
Lowest land point in the world Dead Sea
67%
Largest bay in the world Bengal
52%
Current leader of India Narendra Modi
43%
Largest sea in the world Philippine
24%
Largest archipelago in the world Indonesian
19%
First Chinese dynasty Xia
19%
Ancient region in modern-day Iraq that is widelyconsidered as one of the oldest civilizations in the world Sumeria
14%
Country that 91 year old Paul Biya is presidant of Cambodia
10%
No matching quizzes found
Score Distribution
Percent of People with Each Score
Percentile by Number Answered
Your Score History
You have not taken this quiz